| 000 | 00740nam a2200241Ia 4500 | ||
|---|---|---|---|
| 003 | OSt | ||
| 005 | 20220926034001.0 | ||
| 006 | a|||||r|||| 00| 0 | ||
| 007 | ta | ||
| 008 | 220923b |||||||| |||| 00| 0 eng d | ||
| 037 | _cGeneral Book | ||
| 040 |
_aRTL _cRTL _beng |
||
| 041 |
_2eng _aeng |
||
| 082 | _aV4655.N7, L6 | ||
| 100 |
_aKoury Enver M _9339883 |
||
| 245 | 0 |
_aCrisis in the Lebanese system _b Confessionalism an |
|
| 260 |
_aWashington _bA E I P R _c1976 |
||
| 300 |
_a92p _ccm. |
||
| 490 | _aAmerican Enterprise Institute for Public Policy Research, Foreign Appairs Studies | ||
| 650 | _aFreedom Struggle History | ||
| 942 |
_hV4655.N7, L6 _cGB _2CC |
||
| 999 |
_c658491 _d658491 |
||